| 000 | 01067cam a22003617a 4500 | ||
|---|---|---|---|
| 003 | CHAP | ||
| 005 | 20220817043548.0 | ||
| 008 | 990629d1998 it b rnf 00110 eng d | ||
| 010 | _a78500 | ||
| 011 | _a79472 | ||
| 020 | _a925104144X | ||
| 035 | _a89703 | ||
| 040 | _cCHAP | ||
| 082 | 0 | 0 |
_a636.08947 _bF32 v.2 |
| 110 | 2 | _aFAO | |
| 245 | 1 | 0 |
_aManual on bovine spongiform encephalopathy _c/by John W. Wilesmith |
| 260 |
_aRome : _bFAO, _c1998. |
||
| 300 | _a51 p. | ||
| 410 | 2 | 0 | _aFAO |
| 490 | 0 |
_aAnimal health manual _v; 2 |
|
| 590 |
_aBATCH-UPD _b10 _c20130110 _lUCH01 _h0458 |
||
| 590 |
_aBATCH-UPD _b10 _c20130110 _lUCH01 _h2358 |
||
| 590 |
_aCONVERSION _b10 _c20130109 _lUCH01 _h1343 |
||
| 650 | 1 | 4 |
_aEncefalopatia espongiforme. _936730 |
| 650 | 1 | 4 |
_aGanado vacuno _xEnfermedades. _945460 |
| 700 | 0 |
_aWilesmith, John W. _9121933 |
|
| 810 | 0 | _aFAO | |
| 830 | 0 | 0 |
_aAnimal health manual _v; 2 _95851 |
| 901 | _aBK | ||
| 905 | _aLilia Sánchez G. | ||
| 942 | _cLIBRO | ||
| 949 |
_a636.08947 F32 v.2 _bBC _cFAO _d33724000764205 _eFAO1 _h96775 _i89703 _kDonaciØn _sb |
||
| 999 |
_c78500 _d78500 |
||